| 000 | 00478nam a2200169Ia 4500 | ||
|---|---|---|---|
| 008 | 220204s9999 xx 000 0 und d | ||
| 082 |
_a577.1:547 _bJON |
||
| 245 | 0 | _aApplications of biochemical systems in organic chemistry. Pt 1 | |
| 260 |
_aNew York _bJohn Wiley _c1976 |
||
| 490 | _aTechniques of chemistry 10 | ||
| 650 | _aChromatography | ||
| 650 | _aEnzyme | ||
| 650 | _aEnzyme stereochemistry | ||
| 650 | _aMicroorganisms | ||
| 700 | _aJones, J Bryan | ||
| 942 | _cBK | ||
| 999 |
_c26182 _d26182 |
||